| 000 | 01816nam a2200289Ia 4500 | ||
|---|---|---|---|
| 999 |
_c51424 _d51424 |
||
| 001 | 18410 | ||
| 003 | GE_BSU | ||
| 005 | 20250428113110.0 | ||
| 008 | 181216s2016||||ge |||||||||||||| ||geo|| | ||
| 020 | _a9789941917184 | ||
| 040 | _cGE_BSU | ||
| 041 | _ageo | ||
| 080 | _a811.353.1-84(560) ქ-16 | ||
| 245 |
_aქართული ენისა და ლიტერატურის სპეციალობა თურქეთის უნივერსიტეტებში / _cავთანდილ ნიკოლეიშვილი, სულხან კუპრაშვილი, ომარ ნიშნიანიძე, გიგა ქამუშაძე; რედაქტორები: დავით გეგეჭკორი, ლუკა დვალიშვილი. |
||
| 264 |
_aქუთაისი : _b აკაკი წერეთლის სახელმწ. უნ-ტის გამ-ბა, _c2016. |
||
| 300 |
_a76 გვ.; _bფოტო; _c19 სმ. |
||
| 520 | _a რეზიუმე თურქულ ენაზე. | ||
| 653 | _aუნივერსიტეტები თურქეთში | ||
| 653 | _aქართველოლოგია | ||
| 700 |
_aნიკოლეიშვილი, ავთანდილ _eავტორი _9296 |
||
| 700 |
_aკუპრაშვილი, სულხან _eავტორი _924957 |
||
| 700 |
_aნიშნიანიძე, ომარ _e ავტორი _96024 |
||
| 700 |
_aქამუშაძე, გიგა _eავტორი _924958 |
||
| 700 |
_aგეგეჭკორი, დავით _eრედაქტორი _915266 |
||
| 700 |
_aდვალიშვილი, ლუკა _eრედაქტორი _918650 |
||
| 942 |
_cBK _2udc |
||